| 000 | 01460nam a22002537a 4500 | ||
|---|---|---|---|
| 003 | OSt | ||
| 005 | 20250702091927.0 | ||
| 008 | 200219b2016 ck oc||er|||| 000 pdspa d | ||
| 020 | _a9789580613435 | ||
| 040 |
_aCO-JMCR _cCO-JMCR |
||
| 082 | 0 | 4 |
_aA-P _bPONa |
| 100 | 1 |
_aPonce, Fermina, _eautora _9745 |
|
| 245 | 1 | 0 |
_aAl desnudo / _cFernima Ponce ; prologo, Carlos García Ruiz ; Fotografías, Pablo Salgado Barrientos |
| 250 | _a1a. edición | ||
| 260 |
_aBogotá : _bOveja negra, _c2016 |
||
| 300 |
_a82 páginas : _bretratos y fotografías a blanco y negro ; _c23 cm. |
||
| 500 | _aIncluye datos biográficos del autor en solapa frontal. | ||
| 505 | 0 | _aEquinoccio -- Espacio -- Mentiras -- Piel -- Historia de un ensueño -- La otra y yo no -- Sobre tu hombro derecho -- Secretos -- Imágenes -- Simple Inventario de habitación vacía -- La nada -- Breve -- De regreso -- El hotel de la ópera -- La muerte -- El café de san telmo -- Zapatos -- El piano -- La caricia -- A cuenta gotas -- Añoranza -- Léeme -- El reloj -- Sin palabras -- Momentos -- En el sofá anaranjado -- La mirada -- El regalo -- Devolución numero 33 -- Esas... -- Usted -- Hay besos -- Enredados -- Conmoción -- Epicentro -- Es mejor rota -- Al desnudo | |
| 650 | 1 | 4 |
_aPoesía _xdesnudo _9746 |
| 650 | 1 | 4 |
_aPoesía _zColombiana _9747 |
| 700 | 1 |
_aGarcía Ruiz, Carlos, _eProloguista _9748 |
|
| 700 | 1 |
_aSalgado Barrientos, Pablo, _efotógrafo _9749 |
|
| 942 |
_2ddc _cBK |
||
| 999 |
_c6557 _d6557 |
||